[Event "Regionalliga Sued-West 1819"]
[Site "Bayern"]
[Date "2018.12.16"]
[Round "4.7"]
[White "Schaedler, Andreas"]
[Black "Birth, Daniel"]
[Result "0-1"]
[WhiteElo "1847"]
[BlackElo "2015"]
[PlyCount "54"]
[EventDate "2018.10.21"]
[EventType "team-tourn"]
[EventRounds "9"]
[EventCountry "GER"]
[SourceTitle "EXT 2022"]
[Source "ChessBase"]
[SourceDate "2021.10.06"]
[SourceVersion "1"]
[SourceVersionDate "2021.10.06"]
[SourceQuality "1"]
[WhiteTeam "Augsburg SF"]
[BlackTeam "Augsburg SK Rochade"]
[WhiteTeamCountry "GER"]
[BlackTeamCountry "GER"]

1. d4 g6 2. c4 Bg7 3. Nc3 d6 4. e4 Nc6 5. Be3 e5 6. dxe5 Nxe5 7. Be2 Be6 8. c5 dxc5 9. Qxd8+ Rxd8 10. Bxc5 b6 11. Be3 Nd3+ 12. Bxd3 Rxd3 13. Nge2 Ne7 14. Rd1 Rxd1+ 15. Kxd1 0-0 16. Kc2 Nc6 17. Rd1 f5 18. exf5 Bxf5+ 19. Kc1 Nb4 20. Rd2 Nd3+ 21. Kd1 Rd8 22. b3 a6 23. Na4 Bf8 24. f3 Bb4 25. Nac3 h5 26. h3 Re8 27. Bd4 c5 0-1

[Event "Regionalliga Sued-West 1819"]
[Site "Bayern"]
[Date "2018.11.25"]
[Round "3.7"]
[White "Braun, Thomas1111"]
[Black "Schaedler, Andreas"]
[Result "1/2-1/2"]
[WhiteElo "2062"]
[BlackElo "1847"]
[PlyCount "28"]
[EventDate "2018.10.21"]
[EventType "team-tourn"]
[EventRounds "9"]
[EventCountry "GER"]
[SourceTitle "EXT 2022"]
[Source "ChessBase"]
[SourceDate "2021.10.06"]
[SourceVersion "1"]
[SourceVersionDate "2021.10.06"]
[SourceQuality "1"]
[WhiteTeam "Muenchen Bayern III"]
[BlackTeam "Augsburg SF"]
[WhiteTeamCountry "GER"]
[BlackTeamCountry "GER"]

1. d4 Nf6 2. c4 e6 3. g3 d5 4. Nf3 Be7 5. Bg2 0-0 6. 0-0 dxc4 7. Qc2 a6 8. Qxc4 b5 9. Qc2 Bb7 10. Be3 Nbd7 11. Rd1 Rc8 12. Ne5 Bxg2 13. Kxg2 c5 14. Nxd7 Nxd7 1/2-1/2

[Event "Augsburg op"]
[Site "Augsburg"]
[Date "2013.12.29"]
[Round "6"]
[White "Friedrich, Wolfgang"]
[Black "Schaedler, Andreas"]
[Result "1/2-1/2"]
[WhiteElo "2031"]
[BlackElo "1701"]
[PlyCount "82"]
[EventDate "2013.12.27"]
[EventType "swiss"]
[EventRounds "7"]
[EventCountry "GER"]
[SourceTitle "CBM 158 Extra"]
[Source "ChessBase"]
[SourceDate "2014.02.28"]
[SourceVersion "1"]
[SourceVersionDate "2014.02.28"]
[SourceQuality "1"]

1. e4 e5 2. Bc4 Nc6 3. c3 Nf6 4. Qe2 d6 5. d3 g6 6. f4 Bg7 7. Nf3 Qe7 8. 0-0 Bg4 9. h3 Bd7 10. Qf2 0-0 11. Na3 Be6 12. fxe5 dxe5 13. Bg5 Qe8 14. Qh4 Nd7 15. Rae1 f6 16. Bh6 a6 17. Bxg7 Kxg7 18. Qg3 b5 19. Bd5 Bxd5 20. exd5 Ne7 21. c4 Nf5 22. Qf2 b4 23. Nc2 Qb8 24. g4 Nd6 25. c5 Nf7 26. d4 Qb5 27. Qd2 a5 28. g5 Nxg5 29. Nxg5 fxg5 30. Qxg5 Rae8 31. c6 h6 32. Qg2 Rxf1+ 33. Rxf1 Nb6 34. d6 cxd6 35. Ne3 Qd3 36. Qf2 h5 37. Qf7+ Kh6 38. Qxe8 Qxe3+ 39. Rf2 Qg3+ 40. Rg2 Qe3+ 41. Kh2 Qf4+ 1/2-1/2